| 000 | 00472nam a2200181Ia 4500 | ||
|---|---|---|---|
| 001 | 4438 | ||
| 005 | 20260306145756.0 | ||
| 008 | 260306t2019||||xx |||||||||||||| ||spa|| | ||
| 041 | _aESP | ||
| 082 |
_a321.80985 _bC76 |
||
| 100 |
_aComisión de Alto Nivel para la Reforma Política (CANRP) _eAUT |
||
| 245 | 0 | _aHacia la democracia del bicentenario | |
| 260 | _c2019 | ||
| 300 |
_a427 páginas : _c24 cm. |
||
| 650 | _aGEN | ||
| 654 | _aCHU | ||
| 942 |
_cLIB _dJUS _fJUS _2ddc _n |
||
| 999 |
_c4438 _d4438 |
||